000 00663cam a2200241 4500500
005 20260405002426.0
041 _afre
042 _adc
100 1 0 _aDenieuil, Marie
_eauthor
245 0 0 _aPourquoi triche-t-on au jeu ?
260 _c2017.
500 _a80
690 _aBentham
690 _aDivergences
690 _aJeu
690 _aMachiavel
690 _aNicolas Grimaldi
690 _aTriche
690 _aTricher
690 _aTricherie
786 0 _nPhilosophie magazine | 109 | 5 | 2017-05-01 | p. 38-38 | 1951-1787
856 4 1 _uhttps://shs.cairn.info/magazine-philosophie-magazine-2017-5-page-38?lang=fr&redirect-ssocas=7080
999 _c2057555
_d2057555